| 000 | 00545nam a22001937a 4500 | ||
|---|---|---|---|
| 003 | OSt | ||
| 008 | 240123b2006 |||||||| |||| 00| 0 eng d | ||
| 020 | _a0963601849 | ||
| 082 |
_a658.4022 _bSEN-W |
||
| 100 | _aSenn, Larry E. | ||
| 245 |
_aWinning teams winning cultures / _cLarry E. Senn and Jim Hart. |
||
| 260 |
_aCalifornia : _bLeadership Press , _c2006. |
||
| 300 | _aviii, 226 p. ; | ||
| 650 | _aReengineering (Management) | ||
| 650 | _aTeams in the workplace | ||
| 650 | _aCorporate culture | ||
| 700 | _aHart, Jim | ||
| 942 |
_2ddc _cBK |
||
| 999 |
_c20169 _d20169 |
||